| 000 | 00618nam a22001817a 4500 | ||
|---|---|---|---|
| 999 |
_c18905 _d18905 |
||
| 003 | AR-CdUCM | ||
| 008 | 190515b ||||| |||| 00| 0 spa d | ||
| 040 |
_aMUNICIPALIDAD PROVINCIAL DEL CUSCO _cBIBLIOTECA MUNICIPAL DEL CUSCO |
||
| 082 |
_a320.9 / _bF26 |
||
| 100 |
_aFayt, Carlos S. _92616 |
||
| 245 | _aEl pensamiento político en la edad media : | ||
| 260 |
_aArgentina : _bOmega, _c1966. |
||
| 300 |
_a110 páginas ; _c21 cm. |
||
| 505 | _aEl pensamiento político en la edad Media -- La iglesia y el estado en la edad media -- | ||
| 650 |
_aPensamiento político. _9270 |
||
| 942 |
_2ddc _cLIBROS |
||
| 945 | _awfj | ||